000 00258nam a2200097Ia 4500
008 170620s9999 xx 000 0 und d
100 _aJain.Deepak/Major
245 0 _aEncyclopaedia of Tech.and Coaching Physical Education
260 _bNew delhi.Khel.S.k
260 _c2001
300 _a99
999 _c27639
_d27639